000
00324nam a22001337a 4500
003
LK-CoDNM
005
20240820120751.0
008
240820b |||||||| |||| 00| 0 eng d
040
_a
LK-CoDNM
_d
LK-CoDNM
_e
LK-CoDNM
080
_a
7
_b
C6
245
_a
ASIATICK RESEARCHES
300
_a
VI, 597P. : ILL ; 22 CM
942
_c
BK
999
_c
148372
_d
148372